La Raja de tu Falda - Estopa - Estadísticas

Estadísticas generales
  • Esta prueba ha sido intentada 205 veces
  • La puntuación promedio es 309 de 374
Estadísticas de respuestas
Hint Respuesta % Correcto
De
99%
de
99%
falda
99%
la
99%
La
99%
por
99%
Estribillo Por
99%
raja
99%
tu
98%
98%
y
98%
Y
98%
a
97%
un
97%
con
96%
96%
se
96%
yo
96%
Yo
96%
Panda
94%
el
92%
Estrofa 7 El
92%
Seat
92%
Tuve
92%
tuve
92%
me
90%
Estrofa 2 Me
90%
o
90%
piñazo
90%
que
90%
¡Qué
90%
qué
90%
Que
90%
Mi
89%
mi
89%
tarde
88%
te
88%
Estrofa 1 Era
87%
era
87%
caliente
86%
¡Caliente,
86%
caliente!
86%
del
86%
en
86%
esta
86%
Estrofa 4 No
86%
no
86%
pa'l
86%
una
86%
para
85%
ver
85%
tonta
84%
vi
84%
esas
83%
las
83%
los
83%
Los
83%
97
81%
frente
81%
sin
81%
sol
81%
verano
81%
al
79%
Al
79%
verte
79%
bar
78%
moría
78%
autobús
76%
camelarte
76%
chupachup
76%
cruzó
76%
Cuando
76%
estabas
76%
noche
76%
aquel
75%
coche
75%
concierto
75%
parada
75%
vicio,
75%
vicio!
75%
idea
74%
parte
74%
allí
73%
calle
73%
cualquier
73%
estrecho
73%
Ford
73%
guitarra
73%
he
73%
llevarte
73%
nombre
73%
nos
73%
pantaloncito
73%
parachoques
73%
camiseta
72%
conciertos
72%
pasar
72%
puse
72%
única
72%
comemos
71%
comió
71%
día
71%
ese
71%
esperaba
71%
ha
71%
tira
71%
gracia
70%
Porque
70%
Vamos
70%
Comiéndote
69%
cuerdas
69%
encontrarte
69%
Esperando
69%
¿Esto
69%
tres
69%
dió
68%
quema
68%
Rompí
68%
rompí
68%
escucha
67%
escucha?
67%
garito
67%
tocaba
67%
espalda
66%
gente
66%
gente,
66%
Josele
66%
enchufa
63%
prueba
63%
entra
62%
hermano
62%
mosquea'o
62%
variar
62%
Escort
61%
Llegamos
61%
nuevo
61%
aún
60%
calor
60%
tío
60%
ambiente
59%
puerta
59%
monta'o
58%
Ni
58%
ya
58%
Ya
58%
muy
57%
ojos
57%
público
57%
hay
56%
repente
56%
tus
56%
ayer
55%
barra
55%
delante
55%
mientras
55%
mirada
55%
piernas
55%
puedo
55%
solo
55%
tiempo
55%
abrió
54%
cogía
54%
nada
54%
pasado
54%
temblaron
54%
vuelto
54%
acordarme
53%
ahora
53%
Desde
53%
fuera
53%
Parece
53%
40
51%
Tan
51%
voy
51%
expectante
50%
potentes
50%
recuerdo
50%
siniestro
50%
siquiera
50%
son
50%
focos
48%
desapareciste
42%
deslumbrantes
42%
Estrofa 5 10
41%
alma
39%
obsesiona'o
38%
post
38%
meridiano
32%
Entre
25%
No se encontraron pruebas coincidentes
Distribución de puntuación
Porcentaje de gente con cada puntuación
Porcentaje por número respondido
Historial de tus puntuaciones
No has intentado esta prueba.